වාර්ෂික ආර්ථික විවරණය 2025 (Record no. 22085)

MARC details
000 -LEADER
fixed length control field 01253nam a22003137a 4500
003 - CONTROL NUMBER IDENTIFIER
control field IBSLLIB
005 - DATE AND TIME OF LATEST TRANSACTION
control field 20260428120003.0
008 - FIXED-LENGTH DATA ELEMENTS--GENERAL INFORMATION
fixed length control field 260428b |||||||| |||| 00| 0 eng d
020 ## - INTERNATIONAL STANDARD BOOK NUMBER
International Standard Book Number 9786246764265
040 ## - CATALOGING SOURCE
Original cataloging agency IBSLLIB
Language of cataloging Sinhala; Sinhalese
041 ## - LANGUAGE CODE
Language code of text/sound track or separate title Sinhala; Sinhalese
Language code of original Sinhala
082 ## - DEWEY DECIMAL CLASSIFICATION NUMBER
Classification number 332.11
Item number CEN
110 ## - MAIN ENTRY--CORPORATE NAME
Corporate name or jurisdiction name as entry element Central Bank of Sri Lanka
245 ## - TITLE STATEMENT
Title වාර්ෂික ආර්ථික විවරණය 2025
250 ## - EDITION STATEMENT
Edition statement 2025
260 ## - PUBLICATION, DISTRIBUTION, ETC. (IMPRINT)
Place of publication, distribution, etc. Colombo :
Name of publisher, distributor, etc. CBSL ,
Date of publication, distribution, etc. 2026
300 ## - PHYSICAL DESCRIPTION
Extent 146 p.
505 ## - FORMATTED CONTENTS NOTE
Formatted contents note උද්ධමනය හා මිල ප්‍රවණතා
505 ## - FORMATTED CONTENTS NOTE
Formatted contents note මූර්ත අංශයේ ප්‍රවණතා
505 ## - FORMATTED CONTENTS NOTE
Formatted contents note මුදල් අංශයේ ප්‍රවණතා
505 ## - FORMATTED CONTENTS NOTE
Formatted contents note විදේශීය අංශයේ ප්‍රවණතා
505 ## - FORMATTED CONTENTS NOTE
Formatted contents note රාජ්‍ය මූල්‍ය අංශයේ ප්‍රවණතා
505 ## - FORMATTED CONTENTS NOTE
Formatted contents note මූල්‍ය පද්ධතියේ තත්වය
505 ## - FORMATTED CONTENTS NOTE
Formatted contents note මහ බැංකුවේ ප්‍රතිපත්ති පිළිබඳ සමාලෝචනය
505 ## - FORMATTED CONTENTS NOTE
Formatted contents note සාර්ව ආර්ථික ඉදිරි දැක්ම
650 ## - SUBJECT ADDED ENTRY--TOPICAL TERM
Topical term or geographic name as entry element Central Banking
942 ## - ADDED ENTRY ELEMENTS (KOHA)
Koha item type Books
Holdings
Withdrawn status Lost status Damaged status Not for loan Collection code Permanent Location Current Location Shelving location Date acquired Source of acquisition Cost, normal purchase price Inventory number Full call number Barcode Koha item type
        Reference Collection IBSL Library IBSL Library Reference Section 28/04/2026 Donation - CBSL 800.00 10827 332.11 CEN 10827 Annual Report
        Reference Collection IBSL Library IBSL Library Reference Section 28/04/2026 Donation - CBSL 800.00 10828 332.11 CEN 10828 Annual Report
Copyright © 2024 IBSL Library, All rights reserved.
mail to: library@ibsl.lk | Contact: 0112425735 | Library Address: IBSL Library, 80A, Elvitigala Mawatha, Colombo 008